[Event "DVM U12 2023"]
[Site "Magdeburg GER"]
[Date "2023.12.29"]
[Round "6"]
[White "Shevchenko, Igor"]
[Black "Wartenberg, Alexander"]
[Result "0-1"]
[Termination "normal"]
[Board "9.1"]
[WhiteElo "1552"]
[BlackElo "1695"]
[WhiteClock "00:52:38"]
[BlackClock "00:06:47"]
[WhiteTeam "Schachzwerge Magdeburg"]
[BlackTeam "Hamburger SK 1830"]
[PlyCount "78"]
[WhiteFideId "34634924"]
[BlackFideId "16280768"]
[EventCountry "GER"]
[EventRounds "7"]
[EventType "team-swiss"]
[EventDate "2023.12.26"]

1. d4 {[%clk 01:30:50]} {[%emt 00:00:10]} d5 {[%clk 01:30:57]} {[%emt
00:00:02]} 2. Nf3 {[%clk 01:31:15]} {[%emt 00:00:05]} Nf6 {[%clk 01:31:23]}
{[%emt 00:00:04]} 3. c4 {[%clk 01:31:39]} {[%emt 00:00:06]} c6 {[%clk
01:31:49]} {[%emt 00:00:04]} 4. Nc3 {[%clk 01:32:03]} {[%emt 00:00:06]} a6
{[%clk 01:32:10]} {[%emt 00:00:09]} 5. a4 {[%clk 01:32:28]} {[%emt 00:00:05]}
e6 {[%clk 01:21:15]} {[%emt 00:11:26]} 6. Bg5 {[%clk 01:27:23]} {[%emt
00:05:35]} Be7 {[%clk 01:12:53]} {[%emt 00:08:52]} 7. e3 {[%clk 01:19:41]}
{[%emt 00:08:12]} a5 {[%clk 01:08:01]} {[%emt 00:05:23]} 8. Bd3 {[%clk
01:16:42]} {[%emt 00:03:28]} O-O {[%clk 01:07:22]} {[%emt 00:01:09]} 9. O-O
{[%clk 01:16:30]} {[%emt 00:00:42]} Na6 {[%clk 01:07:21]} {[%emt 00:00:31]} 10.
cxd5 {[%clk 01:16:13]} {[%emt 00:00:47]} cxd5 {[%clk 01:07:07]} {[%emt
00:00:44]} 11. Rc1 {[%clk 01:14:16]} {[%emt 00:02:27]} Nb4 {[%clk 01:06:17]}
{[%emt 00:01:21]} 12. Bb1 {[%clk 01:12:13]} {[%emt 00:02:32]} b6 {[%clk
01:04:46]} {[%emt 00:02:02]} 13. Qd2 {[%clk 01:08:43]} {[%emt 00:03:59]} Ba6
{[%clk 01:04:30]} {[%emt 00:00:46]} 14. Rfd1 {[%clk 01:09:06]} {[%emt
00:00:08]} Rc8 {[%clk 00:54:16]} {[%emt 00:10:44]} 15. Ne5 {[%clk 01:07:27]}
{[%emt 00:02:09]} Ne8 {[%clk 00:48:59]} {[%emt 00:05:47]} 16. Bxe7 {[%clk
01:07:01]} {[%emt 00:00:56]} Qxe7 {[%clk 00:47:18]} {[%emt 00:02:11]} 17. Nb5
{[%clk 01:05:56]} {[%emt 00:01:35]} Nd6 {[%clk 00:40:24]} {[%emt 00:07:23]} 18.
Nxd6 {[%clk 01:02:08]} {[%emt 00:04:18]} Qxd6 {[%clk 00:40:44]} {[%emt
00:00:10]} 19. Rc3 {[%clk 01:00:36]} {[%emt 00:02:02]} f6 {[%clk 00:35:50]}
{[%emt 00:05:24]} 20. Nd3 {[%clk 00:58:39]} {[%emt 00:02:27]} Bxd3 {[%clk
00:26:34]} {[%emt 00:09:46]} 21. Bxd3 {[%clk 00:58:54]} {[%emt 00:00:16]} Nxd3
{[%clk 00:22:43]} {[%emt 00:04:21]} 22. Qxd3 {[%clk 00:58:53]} {[%emt
00:00:31]} Qb4 {[%clk 00:20:53]} {[%emt 00:02:20]} 23. Rb3 {[%clk 00:58:09]}
{[%emt 00:01:14]} Qxa4 {[%clk 00:20:42]} {[%emt 00:00:40]} 24. Rxb6 {[%clk
00:58:29]} {[%emt 00:00:10]} Rb8 {[%clk 00:20:30]} {[%emt 00:00:42]} 25. Rxb8
{[%clk 00:58:25]} {[%emt 00:00:35]} Rxb8 {[%clk 00:20:46]} {[%emt 00:00:13]}
26. Rb1 {[%clk 00:57:22]} {[%emt 00:01:33]} Qa2 {[%clk 00:19:51]} {[%emt
00:01:25]} 27. Qc2 {[%clk 00:57:21]} {[%emt 00:00:31]} a4 {[%emt 00:01:07]} 28.
Qc1 {[%clk 00:57:20]} {[%emt 00:00:31]} Qb3 {[%clk 00:18:28]} {[%emt 00:01:16]}
29. Ra1 {[%clk 00:53:10]} {[%emt 00:04:39]} Qxb2 {[%clk 00:17:50]} {[%emt
00:01:08]} 30. Qxb2 {[%clk 00:53:35]} {[%emt 00:00:05]} Rxb2 {[%clk 00:18:16]}
{[%emt 00:00:04]} 31. Kf1 {[%clk 00:54:01]} {[%emt 00:00:05]} Rb4 {[%clk
00:18:33]} {[%emt 00:00:13]} 32. Ke2 {[%clk 00:54:17]} {[%emt 00:00:14]} Kf7
{[%clk 00:18:13]} {[%emt 00:00:50]} 33. Ra2 {[%clk 00:51:13]} {[%emt 00:03:34]}
Ke7 {[%clk 00:17:53]} {[%emt 00:00:49]} 34. Kd3 {[%clk 00:51:36]} {[%emt
00:00:08]} Rc4 {[%clk 00:16:12]} {[%emt 00:02:12]} 35. e4 {[%clk 00:52:02]}
{[%emt 00:00:04]} Kd6 {[%clk 00:13:17]} {[%emt 00:03:24]} 36. f4 {[%clk
00:52:24]} {[%emt 00:00:07]} Rb4 {[%clk 00:11:29]} {[%emt 00:02:19]} 37. e5+
{[%clk 00:52:23]} {[%emt 00:00:31]} fxe5 {[%clk 00:09:48]} {[%emt 00:02:10]}
38. fxe5+ {[%clk 00:52:35]} {[%emt 00:00:18]} Kc6 {[%clk 00:06:59]} {[%emt
00:03:19]} 39. Rc2+ {[%clk 00:52:38]} {[%emt 00:00:27]} Kb6 {[%clk 00:06:47]}
{[%emt 00:00:42]} 0-1

[Event "DVM U12 2023"]
[Site "Magdeburg GER"]
[Date "2023.12.29"]
[Round "6"]
[White "Wang, Kaiwen"]
[Black "Fuchs, Jakob"]
[Result "0-1"]
[Termination "normal"]
[Board "9.2"]
[WhiteElo "1446"]
[BlackElo "1155"]
[WhiteClock "01:26:04"]
[BlackClock "00:54:46"]
[WhiteTeam "Hamburger SK 1830"]
[BlackTeam "Schachzwerge Magdeburg"]
[PlyCount "110"]
[WhiteFideId "16279514"]
[BlackFideId "34684751"]
[EventCountry "GER"]
[EventRounds "7"]
[EventType "team-swiss"]
[EventDate "2023.12.26"]

1. e4 {[%clk 01:30:58]} {[%emt 00:00:02]} e5 {[%clk 01:30:55]} {[%emt
00:00:05]} 2. Nf3 {[%clk 01:31:21]} {[%emt 00:00:06]} Nc6 {[%clk 01:31:21]}
{[%emt 00:00:05]} 3. d4 {[%clk 01:31:39]} {[%emt 00:00:11]} exd4 {[%clk
01:31:39]} {[%emt 00:00:13]} 4. Bc4 {[%clk 01:32:00]} {[%emt 00:00:09]} Nf6
{[%clk 01:31:55]} {[%emt 00:00:15]} 5. e5 {[%clk 01:31:57]} {[%emt 00:00:32]}
Ne4 {[%clk 01:29:04]} {[%emt 00:03:21]} 6. O-O {[%clk 01:31:39]} {[%emt
00:00:47]} d5 {[%clk 01:27:38]} {[%emt 00:01:55]} 7. Bb5 {[%clk 01:31:45]}
{[%emt 00:00:24]} Bd7 {[%clk 01:27:16]} {[%emt 00:00:53]} 8. c3 {[%clk
01:31:23]} {[%emt 00:00:52]} Nxe5 {[%clk 01:25:37]} {[%emt 00:02:08]} 9. Bxd7+
{[%clk 01:31:21]} {[%emt 00:00:33]} Nxd7 {[%clk 01:25:46]} {[%emt 00:00:22]}
10. Qxd4 {[%clk 01:31:40]} {[%emt 00:00:11]} Nb6 {[%clk 01:24:36]} {[%emt
00:01:40]} 11. Nbd2 {[%clk 01:31:24]} {[%emt 00:00:46]} c5 {[%clk 01:22:59]}
{[%emt 00:02:07]} 12. Qe3 {[%clk 01:29:29]} {[%emt 00:02:23]} Qe7 {[%clk
01:20:16]} {[%emt 00:03:14]} 13. Re1 {[%clk 01:29:13]} {[%emt 00:00:46]} f5
{[%clk 01:13:37]} {[%emt 00:07:11]} 14. Qf4 {[%clk 01:28:12]} {[%emt 00:01:30]}
g6 {[%clk 01:12:04]} {[%emt 00:02:03]} 15. Re3 {[%clk 01:25:07]} {[%emt
00:03:35]} O-O-O {[%clk 01:09:06]} {[%emt 00:03:28]} 16. b4 {[%clk 01:22:21]}
{[%emt 00:03:14]} d4 {[%clk 01:06:11]} {[%emt 00:03:28]} 17. cxd4 {[%clk
01:21:57]} {[%emt 00:00:53]} Nd5 {[%clk 01:05:56]} {[%emt 00:00:45]} 18. Qe5
{[%clk 01:21:49]} {[%emt 00:00:37]} Qxe5 {[%clk 01:05:57]} {[%emt 00:00:29]}
19. Nxe5 {[%clk 01:21:56]} {[%emt 00:00:23]} Nxe3 {[%clk 01:06:03]} {[%emt
00:00:26]} 20. Nxe4 {[%clk 01:21:50]} {[%emt 00:00:35]} Nc2 {[%clk 01:02:32]}
{[%emt 00:04:01]} 21. Rb1 {[%clk 01:21:57]} {[%emt 00:00:21]} Rxd4 {[%clk
01:02:12]} {[%emt 00:00:51]} 22. Bb2 {[%clk 01:21:42]} {[%emt 00:00:44]} Rxe4
{[%clk 00:59:01]} {[%emt 00:03:42]} 23. Nd7 {[%clk 01:20:51]} {[%emt 00:01:22]}
Rxb4 {[%clk 00:57:56]} {[%emt 00:01:35]} 24. Ne5 {[%clk 01:19:54]} {[%emt
00:01:26]} Bg7 {[%clk 00:57:41]} {[%emt 00:00:46]} 25. Nd3 {[%clk 01:20:01]}
{[%emt 00:00:23]} Rb5 {[%clk 00:56:14]} {[%emt 00:01:58]} 26. Rc1 {[%clk
01:20:06]} {[%emt 00:00:23]} Bxb2 {[%clk 00:55:00]} {[%emt 00:01:44]} 27. Rxc2
{[%clk 01:20:21]} {[%emt 00:00:15]} Re8 {[%clk 00:54:51]} {[%emt 00:00:40]} 28.
g3 {[%emt 00:00:11]} Bd4 {[%clk 00:54:25]} {[%emt 00:00:55]} 29. Nf4 {[%clk
01:20:50]} {[%emt 00:00:20]} Rb2 {[%clk 00:53:28]} {[%emt 00:01:27]} 30. Rc1
{[%clk 01:17:35]} {[%emt 00:03:45]} Bxf2+ {[%clk 00:49:27]} {[%emt 00:04:32]}
31. Kf1 {[%clk 01:17:53]} {[%emt 00:00:11]} Re1+ {[%clk 00:49:09]} {[%emt
00:00:49]} 32. Rxe1 {[%clk 01:17:35]} {[%emt 00:00:48]} Bxe1 {[%clk 00:49:04]}
{[%emt 00:00:35]} 33. Kxe1 {[%clk 01:17:58]} {[%emt 00:00:08]} Rxa2 {[%clk
00:49:23]} {[%emt 00:00:11]} 34. h3 {[%clk 01:18:18]} {[%emt 00:00:09]} c4
{[%clk 00:49:32]} {[%emt 00:00:21]} 35. g4 {[%clk 01:18:37]} {[%emt 00:00:11]}
fxg4 {[%clk 00:49:51]} {[%emt 00:00:11]} 36. hxg4 {[%clk 01:19:02]} {[%emt
00:00:05]} c3 {[%clk 00:50:11]} {[%emt 00:00:10]} 37. Kd1 {[%clk 01:19:18]}
{[%emt 00:00:14]} b5 {[%clk 00:50:17]} {[%emt 00:00:24]} 38. Kc1 {[%clk
01:19:31]} {[%emt 00:00:17]} b4 {[%clk 00:50:39]} {[%emt 00:00:08]} 39. Nd5
{[%clk 01:19:50]} {[%emt 00:00:11]} b3 {[%clk 00:49:59]} {[%emt 00:01:10]} 40.
Nxc3 {[%clk 01:20:12]} {[%emt 00:00:07]} Rc2+ {[%clk 00:50:17]} {[%emt
00:00:12]} 41. Kb1 {[%clk 01:20:33]} {[%emt 00:00:09]} Rxc3 {[%clk 00:50:44]}
{[%emt 00:00:04]} 42. g5 {[%clk 01:20:56]} {[%emt 00:00:07]} Rg3 {[%clk
00:50:41]} {[%emt 00:00:33]} 43. Kb2 {[%clk 01:21:14]} {[%emt 00:00:12]} Rxg5
{[%clk 00:51:02]} {[%emt 00:00:09]} 44. Kxb3 {[%clk 01:21:34]} {[%emt
00:00:09]} h5 {[%clk 00:51:30]} {[%emt 00:00:03]} 45. Kc3 {[%clk 01:21:58]}
{[%emt 00:00:06]} Rf5 {[%clk 00:51:52]} {[%emt 00:00:08]} 46. Kd4 {[%clk
01:22:21]} {[%emt 00:00:07]} h4 {[%clk 00:52:09]} {[%emt 00:00:14]} 47. Ke4
{[%clk 01:22:46]} {[%emt 00:00:04]} h3 {[%clk 00:52:31]} {[%emt 00:00:08]} 48.
Kd4 {[%clk 01:23:14]} {[%emt 00:00:02]} h2 {[%clk 00:52:41]} {[%emt 00:00:20]}
49. Ke3 {[%clk 01:23:40]} {[%emt 00:00:04]} h1=R {[%clk 00:52:59]} {[%emt
00:00:12]} 50. Ke4 {[%clk 01:24:06]} {[%emt 00:00:04]} Rh4+ {[%clk 00:53:16]}
{[%emt 00:00:14]} 51. Ke3 {[%clk 01:24:31]} {[%emt 00:00:05]} g5 {[%clk
00:53:37]} {[%emt 00:00:09]} 52. Kd3 {[%clk 01:24:55]} {[%emt 00:00:06]} Rf3+
{[%clk 00:53:36]} {[%emt 00:00:31]} 53. Ke2 {[%clk 01:25:14]} {[%emt 00:00:11]}
g4 {[%clk 00:53:59]} {[%emt 00:00:07]} 54. Ke1 {[%clk 01:25:39]} {[%emt
00:00:04]} Rh2 {[%clk 00:54:22]} {[%emt 00:00:08]} 55. Kd1 {[%clk 01:26:04]}
{[%emt 00:00:05]} Rf1# {[%clk 00:54:46]} {[%emt 00:00:06]} 0-1

[Event "DVM U12 2023"]
[Site "Magdeburg GER"]
[Date "2023.12.29"]
[Round "6"]
[White "Seeger, Lennert"]
[Black "Tuktamyshev, Timur"]
[Result "1-0"]
[Termination "normal"]
[Board "9.3"]
[WhiteElo "1030"]
[BlackElo "1391"]
[WhiteClock "00:27:39"]
[BlackClock "00:27:54"]
[WhiteTeam "Schachzwerge Magdeburg"]
[BlackTeam "Hamburger SK 1830"]
[PlyCount "101"]
[WhiteFideId "34684760"]
[BlackFideId "34637125"]
[EventCountry "GER"]
[EventRounds "7"]
[EventType "team-swiss"]
[EventDate "2023.12.26"]

1. e4 {[%clk 01:30:53]} {[%emt 00:00:07]} e5 {[%clk 01:30:59]} {[%emt
00:00:02]} 2. Nf3 {[%clk 01:31:14]} {[%emt 00:00:08]} Nc6 {[%clk 01:31:28]} 3.
Bc4 {[%clk 01:31:36]} {[%emt 00:00:07]} Nf6 {[%clk 01:31:56]} {[%emt 00:00:03]}
4. d3 {[%clk 01:31:25]} {[%emt 00:00:42]} Bc5 {[%clk 01:32:22]} {[%emt
00:00:03]} 5. c3 {[%clk 01:28:04]} {[%emt 00:03:50]} d6 {[%clk 01:32:47]}
{[%emt 00:00:06]} 6. Nbd2 {[%clk 01:26:24]} {[%emt 00:02:10]} Bg4 {[%clk
01:31:54]} {[%emt 00:01:23]} 7. h3 {[%clk 01:26:17]} {[%emt 00:00:37]} Bh5
{[%clk 01:32:18]} {[%emt 00:00:05]} 8. O-O {[%clk 01:26:18]} {[%emt 00:00:29]}
Qd7 {[%clk 01:31:37]} {[%emt 00:01:12]} 9. b4 {[%clk 01:23:26]} {[%emt
00:03:23]} Bb6 {[%clk 01:31:49]} {[%emt 00:00:17]} 10. Re1 {[%clk 01:22:16]}
{[%emt 00:01:39]} O-O {[%clk 01:31:53]} {[%emt 00:00:26]} 11. Nf1 {[%clk
01:21:59]} {[%emt 00:00:47]} Rfe8 {[%clk 01:31:47]} {[%emt 00:00:36]} 12. Ng3
{[%clk 01:21:55]} {[%emt 00:00:34]} Bg6 {[%clk 01:32:14]} {[%emt 00:00:03]} 13.
Nh4 {[%clk 01:19:37]} {[%emt 00:02:47]} d5 {[%clk 01:31:50]} {[%emt 00:00:55]}
14. exd5 {[%clk 01:18:45]} {[%emt 00:01:21]} Nxd5 {[%clk 01:32:15]} {[%emt
00:00:05]} 15. Nxg6 {[%clk 01:12:06]} {[%emt 00:07:10]} hxg6 {[%clk 01:30:58]}
{[%emt 00:01:47]} 16. Qg4 {[%clk 01:09:10]} {[%emt 00:03:26]} Qd6 {[%clk
01:27:05]} {[%emt 00:04:24]} 17. Ne4 {[%clk 01:07:51]} {[%emt 00:01:49]} Qd8
{[%clk 01:25:56]} {[%emt 00:01:38]} 18. Ng5 {[%clk 01:04:48]} {[%emt 00:03:32]}
f6 {[%clk 01:02:57]} {[%emt 00:23:29]} 19. Nf3 {[%clk 01:03:10]} {[%emt
00:02:08]} Kf7 {[%clk 00:49:30]} {[%emt 00:13:58]} 20. Nh4 {[%clk 00:58:19]}
{[%emt 00:05:21]} Nce7 {[%clk 00:47:13]} {[%emt 00:02:47]} 21. Be3 {[%clk
00:49:57]} {[%emt 00:08:52]} Qd6 {[%clk 00:38:35]} {[%emt 00:09:07]} 22. Bxb6
{[%clk 00:46:16]} {[%emt 00:04:11]} cxb6 {[%clk 00:38:28]} {[%emt 00:00:37]}
23. Re3 {[%clk 00:42:08]} {[%emt 00:04:38]} Rac8 {[%clk 00:36:32]} {[%emt
00:02:26]} 24. Rg3 {[%clk 00:40:58]} {[%emt 00:01:40]} f5 {[%clk 00:33:41]}
{[%emt 00:03:22]} 25. Qg5 {[%clk 00:37:23]} {[%emt 00:04:04]} Rxc4 {[%clk
00:32:29]} {[%emt 00:01:43]} 26. dxc4 {[%clk 00:36:56]} {[%emt 00:00:57]} Nf4
{[%clk 00:32:28]} {[%emt 00:00:31]} 27. Re3 {[%clk 00:34:31]} {[%emt 00:02:54]}
Rh8 {[%clk 00:30:08]} {[%emt 00:02:50]} 28. Nf3 {[%clk 00:29:00]} {[%emt
00:06:00]} Nc6 {[%clk 00:25:51]} {[%emt 00:04:48]} 29. Nxe5+ {[%clk 00:27:09]}
{[%emt 00:02:21]} Nxe5 {[%clk 00:25:37]} {[%emt 00:00:44]} 30. Qxf4 {[%clk
00:27:19]} {[%emt 00:00:20]} Re8 {[%clk 00:24:02]} {[%emt 00:02:05]} 31. Qd4
{[%clk 00:26:05]} {[%emt 00:01:44]} Nxc4 {[%clk 00:22:01]} {[%emt 00:02:30]}
32. Qxc4+ {[%clk 00:26:08]} {[%emt 00:00:28]} Kf8 {[%clk 00:22:12]} {[%emt
00:00:19]} 33. Rxe8+ {[%clk 00:26:11]} {[%emt 00:00:26]} Kxe8 {[%clk 00:22:41]}
{[%emt 00:00:01]} 34. Re1+ {[%clk 00:26:12]} {[%emt 00:00:28]} Kf8 {[%clk
00:23:02]} {[%emt 00:00:10]} 35. Qc8+ {[%clk 00:26:18]} {[%emt 00:00:24]} Kf7
{[%clk 00:23:24]} {[%emt 00:00:08]} 36. Qxb7+ {[%clk 00:26:26]} {[%emt
00:00:22]} Kf6 {[%clk 00:23:53]} {[%emt 00:00:01]} 37. Qxa7 {[%clk 00:26:24]}
{[%emt 00:00:32]} g5 {[%clk 00:24:06]} {[%emt 00:00:16]} 38. a4 {[%clk
00:26:17]} {[%emt 00:00:40]} g4 {[%clk 00:24:08]} {[%emt 00:00:24]} 39. hxg4
{[%clk 00:26:37]} {[%emt 00:00:11]} fxg4 {[%clk 00:24:30]} {[%emt 00:00:08]}
40. a5 {[%clk 00:26:55]} {[%emt 00:00:12]} g3 {[%clk 00:24:35]} {[%emt
00:00:25]} 41. Qxb6 {[%clk 00:26:58]} {[%emt 00:00:26]} gxf2+ {[%clk 00:24:42]}
{[%emt 00:00:23]} 42. Kxf2 {[%clk 00:27:21]} {[%emt 00:00:08]} Qxb6+ {[%clk
00:25:05]} {[%emt 00:00:07]} 43. axb6 {[%clk 00:27:40]} {[%emt 00:00:11]} g5
{[%clk 00:25:31]} {[%emt 00:00:04]} 44. b7 {[%clk 00:27:59]} {[%emt 00:00:11]}
g4 {[%clk 00:26:00]} {[%emt 00:00:01]} 45. b8=Q {[%clk 00:28:15]} {[%emt
00:00:14]} Kf5 {[%clk 00:26:29]} {[%emt 00:00:01]} 46. Qf8+ {[%clk 00:28:12]}
{[%emt 00:00:32]} Kg5 {[%clk 00:26:53]} {[%emt 00:00:06]} 47. Re5+ {[%clk
00:28:27]} {[%emt 00:00:15]} Kg6 {[%clk 00:27:11]} {[%emt 00:00:13]} 48. Ke3
{[%clk 00:27:41]} {[%emt 00:01:16]} g3 {[%clk 00:27:16]} {[%emt 00:00:25]} 49.
Re6+ {[%clk 00:27:43]} {[%emt 00:00:27]} Kg5 {[%clk 00:27:34]} {[%emt
00:00:11]} 50. Qc5+ {[%clk 00:27:21]} {[%emt 00:00:49]} Kg4 {[%clk 00:27:54]}
{[%emt 00:00:14]} 51. Re4+ {[%clk 00:27:39]} {[%emt 00:00:09]} 1-0

[Event "DVM U12 2023"]
[Site "Magdeburg GER"]
[Date "2023.12.29"]
[Round "6"]
[White "Heil, Felix"]
[Black "Wolff, Theodor Emil"]
[Result "1-0"]
[Termination "normal"]
[Board "9.4"]
[WhiteElo "1289"]
[BlackElo "912"]
[WhiteClock "00:00:33"]
[BlackClock "00:56:13"]
[WhiteTeam "Hamburger SK 1830"]
[BlackTeam "Schachzwerge Magdeburg"]
[PlyCount "94"]
[WhiteFideId "34604901"]
[BlackFideId "34684778"]
[EventCountry "GER"]
[EventRounds "7"]
[EventType "team-swiss"]
[EventDate "2023.12.26"]

1. e4 {[%clk 01:29:54]} {[%emt 00:01:06]} c5 {[%clk 01:30:57]} {[%emt
00:00:04]} 2. Nf3 {[%clk 01:30:02]} {[%emt 00:00:22]} Nc6 {[%clk 01:31:20]}
{[%emt 00:00:06]} 3. d4 {[%clk 01:30:22]} {[%emt 00:00:10]} cxd4 {[%clk
01:31:45]} {[%emt 00:00:05]} 4. Nxd4 {[%clk 01:30:47]} {[%emt 00:00:05]} g6
{[%clk 01:32:08]} {[%emt 00:00:08]} 5. Nc3 {[%clk 01:30:35]} {[%emt 00:00:41]}
Bg7 {[%clk 01:32:31]} {[%emt 00:00:07]} 6. Nb3 {[%clk 01:30:42]} {[%emt
00:00:23]} Nf6 {[%clk 01:32:52]} {[%emt 00:00:10]} 7. Bd3 {[%clk 01:28:45]}
{[%emt 00:02:27]} O-O {[%clk 01:33:14]} {[%emt 00:00:07]} 8. O-O {[%clk
01:28:37]} {[%emt 00:00:39]} d5 {[%clk 01:32:52]} {[%emt 00:00:52]} 9. Re1
{[%clk 01:27:01]} {[%emt 00:02:06]} d4 {[%clk 01:32:45]} {[%emt 00:00:36]} 10.
Ne2 {[%clk 01:20:49]} {[%emt 00:06:42]} Qd6 {[%clk 01:29:42]} {[%emt 00:03:32]}
11. e5 {[%clk 01:14:22]} {[%emt 00:06:58]} Nxe5 {[%clk 01:25:16]} {[%emt
00:04:56]} 12. Nexd4 {[%clk 01:14:18]} {[%emt 00:00:34]} Neg4 {[%clk 01:24:40]}
{[%emt 00:01:06]} 13. Nf3 {[%clk 01:13:21]} {[%emt 00:01:28]} Re8 {[%clk
01:21:52]} {[%emt 00:03:17]} 14. h3 {[%clk 01:11:56]} {[%emt 00:01:56]} Nh6
{[%clk 01:21:16]} {[%emt 00:01:06]} 15. Bg5 {[%clk 01:10:26]} {[%emt 00:02:00]}
e5 {[%clk 01:21:07]} {[%emt 00:00:39]} 16. Qd2 {[%clk 01:00:37]} {[%emt
00:10:19]} Nf5 {[%clk 01:18:49]} {[%emt 00:02:49]} 17. Rad1 {[%clk 00:42:46]}
{[%emt 00:18:20]} Bd7 {[%emt 00:01:52]} 18. Bxf5 {[%clk 00:29:42]} {[%emt
00:12:37]} Qxd2 {[%clk 01:17:47]} {[%emt 00:01:08]} 19. Rxd2 {[%clk 00:28:24]}
{[%emt 00:01:48]} Bxf5 {[%clk 01:17:59]} {[%emt 00:00:19]} 20. g4 {[%clk
00:23:39]} {[%emt 00:05:15]} Be6 {[%clk 01:14:59]} {[%emt 00:03:29]} 21. Nxe5
{[%clk 00:22:23]} {[%emt 00:01:46]} h6 {[%clk 01:13:19]} {[%emt 00:02:10]} 22.
Bf4 {[%clk 00:16:51]} {[%emt 00:06:02]} Bf8 {[%clk 01:12:12]} {[%emt 00:01:36]}
23. Rdd1 {[%clk 00:12:03]} {[%emt 00:05:19]} Kg7 {[%clk 01:12:10]} {[%emt
00:00:32]} 24. Nd4 {[%clk 00:10:51]} {[%emt 00:01:40]} Bxa2 {[%clk 01:12:21]}
{[%emt 00:00:21]} 25. b3 {[%clk 00:10:42]} {[%emt 00:00:39]} Red8 {[%clk
01:10:43]} {[%emt 00:02:06]} 26. g5 {[%clk 00:07:35]} {[%emt 00:03:39]} hxg5
{[%clk 01:09:00]} {[%emt 00:02:13]} 27. Bxg5 {[%emt 00:03:33]} Bb4 {[%clk
01:08:46]} {[%emt 00:00:42]} 28. Rf1 {[%clk 00:04:12]} {[%emt 00:00:52]} Bc5
{[%clk 01:08:53]} {[%emt 00:00:22]} 29. Ndf3 {[%clk 00:04:19]} {[%emt
00:00:23]} a5 {[%clk 01:03:41]} {[%emt 00:05:43]} 30. Rxd8 {[%clk 00:03:32]}
{[%emt 00:01:17]} Rxd8 {[%clk 01:03:59]} {[%emt 00:00:12]} 31. Ra1 {[%clk
00:03:55]} {[%emt 00:00:07]} Bxb3 {[%clk 01:01:55]} {[%emt 00:02:33]} 32. cxb3
{[%clk 00:04:14]} {[%emt 00:00:10]} b6 {[%clk 01:01:40]} {[%emt 00:00:46]} 33.
Rc1 {[%clk 00:03:36]} {[%emt 00:01:08]} Rd6 {[%clk 01:00:47]} {[%emt 00:01:22]}
34. Kg2 {[%clk 00:02:37]} {[%emt 00:01:30]} Ne4 {[%clk 01:00:45]} {[%emt
00:00:32]} 35. Be3 {[%clk 00:02:11]} {[%emt 00:00:57]} Bxe3 {[%clk 00:59:45]}
{[%emt 00:01:29]} 36. fxe3 {[%clk 00:02:30]} {[%emt 00:00:12]} Nd2 {[%clk
00:59:45]} {[%emt 00:00:29]} 37. Rd1 {[%clk 00:02:28]} {[%emt 00:00:32]} Nxf3
{[%clk 00:59:00]} {[%emt 00:01:15]} 38. Rxd6 {[%clk 00:02:32]} {[%emt
00:00:26]} Nxe5 {[%clk 00:59:12]} {[%emt 00:00:18]} 39. Rxb6 {[%clk 00:02:54]}
{[%emt 00:00:09]} Nd7 {[%clk 00:58:05]} {[%emt 00:01:36]} 40. Rb5 {[%clk
00:03:05]} {[%emt 00:00:18]} Kf6 {[%clk 00:57:40]} {[%emt 00:00:56]} 41. Rxa5
{[%clk 00:03:17]} {[%emt 00:00:18]} Ke6 {[%clk 00:57:08]} {[%emt 00:01:01]} 42.
b4 {[%clk 00:02:02]} {[%emt 00:01:46]} Ne5 {[%clk 00:56:21]} {[%emt 00:01:17]}
43. Ra6+ {[%clk 00:00:38]} {[%emt 00:01:55]} Kd5 {[%clk 00:56:37]} {[%emt
00:00:14]} 44. Ra5+ {[%clk 00:00:50]} {[%emt 00:00:17]} Ke4 {[%clk 00:56:40]}
{[%emt 00:00:28]} 45. Kf2 {[%clk 00:00:53]} {[%emt 00:00:26]} Nc4 {[%clk
00:56:57]} {[%emt 00:00:16]} 46. Ra7 {[%clk 00:00:54]} {[%emt 00:00:27]} f5
{[%clk 00:56:05]} {[%emt 00:01:22]} 47. Rg7 {[%clk 00:00:33]} {[%emt 00:00:52]}
Nxe3 {[%clk 00:56:13]} {[%emt 00:00:21]} 1-0